01089nam a22002657a 45000010005000000030006000050050017000110080041000280200018000690400029000870500016001160820012001321000021001442450076001652600043002413000060002845050008003445200247003525210023005995210020006226500071006426500049007136500025007627000036007879988FISKH20260324122503.0260324b cb ||||| |||| 00| 0 eng d a9780399225031 aFISKHbengcFISKHdFISKH aPZ7 .U25 .B a808.068 aUchida , Yoshiko aThe bracelet /cstory by Yoshiko Uchida : illustrated by Joanna Yardley aNew York : bPhilomel Books , c1976 . a32 unnumbered pages : bcolor illustrations ;c26 cm .  aN  aEmi, a Japanese American in the second grade, is sent with her family to an internment camp during World War II, but the loss of the bracelet her best friend has given her proves that she does not need a physical reminder of that friendship. 8 a590 bLexile AD 8 aN bRaz-Plus  aJapanese Americans- Evacuation and relocation , 1942-1945vFiction aWorld War 1939-1945- United States vFiction aFriendship vFiction aYardley , Joanna eIllustrator